NBA Players by Letter - P - Statistics

General Stats
  • This quiz has been taken 21 times
  • The average score is 8 of 23
Answer Stats
Team Answer % Correct
Thunder Chris Paul
87%
Mavericks Kristaps Porzingis
73%
Grizzlies Jontay Porter
53%
Cavaliers Kevin Porter Jr.
53%
Nuggets Michael Porter Jr.
53%
Bulls Otto Porter Jr.
53%
Knicks Elfrid Payton
40%
Wizards Gary Payton II
40%
Clippers Patrick Patterson
40%
Mavericks Dwight Powell
33%
Kings Jabari Parker
33%
Spurs Jakob Poeltl
33%
Warriors Jordan Poole
33%
Raptors Norman Powell
33%
Warriors Eric Paschall
27%
Nets Taurean Prince
27%
Knicks Bobby Portis
13%
Celtics Vincent Poirier
13%
Wizards Anzejs Pasecniks
7%
Nuggets Mason Plumlee
7%
Nets Theo Pinson
7%
76ers Norvel Pelle
0%
Cavaliers Sir'Dominic Pointer
0%
No matching quizzes found
Score Distribution
Percent of People with Each Score
Percentile by Number Answered
Your Score History
You have not taken this quiz